Knochen des menschlichen Körpers (mit Grafik) - Statistiken

Allgemein
  • Dieses Quiz wurde 144 mal gespielt
  • Das Durchschnittsergebnis liegt bei 13 aus 21
Antworten auf der Karte
Die Antworten werden auf der Karte rot bzw. grün angezeigt, abhängig davon wie oft sie richtig erraten wurden.
 
Antwortstatistiken
Antwort % Korrekt
Cranium
88%
Ulna
86%
Radius
81%
Pelvis
77%
Wirbelsäule
77%
Clavicula
74%
Patella
73%
Scapula
71%
Tibia
69%
Femur
63%
Fibula
62%
Sternum
60%
Maxilla
57%
Humerus
54%
Mandibula
54%
Steißbein
54%
Zygomaticum
51%
Thorax
49%
Metatarsal
33%
Metakarpal
28%
Sacrum
13%
Keine übereinstimmenden Quizze gefunden
Verteilung der Resultate
Anzahl Personen mit jedem Resultat
Perzentil nach korrekt beantworteten Fragen
Ihre Resultats-Entwicklung
Sie haben dieses Quiz noch nicht gespielt